| 000 | 00518cam a2200169 4500500 | ||
|---|---|---|---|
| 005 | 20260405002135.0 | ||
| 041 | _afre | ||
| 042 | _adc | ||
| 100 | 1 | 0 |
_aTenaillon, Nicolas _eauthor |
| 245 | 0 | 0 | _aOn ne meurt pas de chagrin |
| 260 | _c2016. | ||
| 500 | _a38 | ||
| 690 | _aChagrin | ||
| 690 | _aFrédéric Schiffter | ||
| 786 | 0 | _nPhilosophie magazine | 96 | 2 | 2016-02-01 | p. 49-49 | 1951-1787 | |
| 856 | 4 | 1 | _uhttps://shs.cairn.info/magazine-philosophie-magazine-2016-2-page-49?lang=fr&redirect-ssocas=7080 |
| 999 |
_c2054669 _d2054669 |
||